000 00540nam a2200205Ia 4500
005 20260429112151.0
008 260429s9999||||xx |||||||||||||| ||und||
020 _a9788131613436
041 _aEnglish
082 _a307.1
_bSEN
100 _aSen, Jyotirmoy
245 0 _aIntroduction to regional planning and development /
_cJyotirmoy Sen
250 _a1st ed.
260 _aJaipur :
_bRawat Publications,
_c2024.
300 _axvi, 272 p.; hb
650 _a Development
650 _a Planning
650 _aRegion
942 _cTB
999 _c52685
_d52685